[Event "SWE-chT 1718 Elite"]
[Site "Sweden"]
[Date "2017.10.21"]
[Round "2.1"]
[White "Andersson, Ulf"]
[Black "Sagit, Rauan"]
[Result "1/2-1/2"]
[WhiteElo "2523"]
[BlackElo "2413"]
[PlyCount "69"]
[EventDate "2017.10.20"]
[EventType "team-tourn"]
[EventRounds "9"]
[EventCountry "SWE"]
[SourceTitle "CBM 181 Extra"]
[Source "ChessBase"]
[SourceDate "2017.12.12"]
[SourceVersion "1"]
[SourceVersionDate "2017.12.12"]
[SourceQuality "1"]
[WhiteTeam "Malmo"]
[BlackTeam "Viking Team"]
[WhiteTeamCountry "SWE"]
[BlackTeamCountry "SWE"]

1. Nf3 f5 2. d4 Nf6 3. g3 g6 4. Bg2 Bg7 5. c4 0-0 6. Nc3 Nc6 7. 0-0 Ne4 8. Nxe4 fxe4 9. Ne5 Nxe5 10. dxe5 c6 11. Bf4 e3 12. Bxe3 Bxe5 13. Bd4 d6 14. Bxe5 dxe5 15. Qb3 Qb6 16. Qc2 Qc5 17. b3 a5 18. Rad1 Be6 19. Qb2 Rad8 20. Rxd8 Rxd8 21. h4 Bg4 22. Bf3 Bxf3 23. exf3 Rd3 24. Re1 Rxf3 25. Rxe5 Rxf2 26. Rxc5 Rxb2 27. Rxa5 Kf7 28. Ra7 c5 29. Rxb7 Rxa2 30. Rb5 Rb2 31. Rxc5 Rxb3 32. Kg2 Rc3 33. h5 gxh5 34. Rxh5 Rxc4 35. Rxh7+ 1/2-1/2

[Event "Vasteras op"]
[Site "Vasteras"]
[Date "2017.09.29"]
[Round "4"]
[White "Sagit, Rauan"]
[Black "Semcesen, Daniel"]
[Result "1-0"]
[WhiteElo "2411"]
[BlackElo "2482"]
[PlyCount "97"]
[EventDate "2017.09.29"]
[EventType "swiss"]
[EventRounds "8"]
[EventCountry "SWE"]
[SourceTitle "EXT 2018"]
[Source "ChessBase"]
[SourceDate "2017.10.13"]
[SourceVersion "1"]
[SourceVersionDate "2017.10.13"]
[SourceQuality "1"]

1. Nf3 d5 2. g3 Bg4 3. Bg2 Nd7 4. 0-0 Ngf6 5. d3 e5 6. Qe1 Bc5 7. e4 dxe4 8. dxe4 0-0 9. b4 Bd6 10. a3 Re8 11. Nbd2 c6 12. Nc4 Bc7 13. Bb2 h6 14. Rd1 Qe7 15. Ne3 Bh5 16. h3 Qe6 17. g4 Bg6 18. Nf5 Nb6 19. Qe2 Qc4 20. Rfe1 Qxe2 21. Rxe2 Nc4 22. Bc1 Rad8 23. Rd3 Bxf5 24. exf5 e4 25. Rxd8 Rxd8 26. Nd2 Bf4 27. Nxc4 Rd1+ 28. Bf1 Bxc1 29. Kg2 b5 30. Ne5 Rd6 31. c4 Bxa3 32. c5 Rd7 33. Nxd7 Nxd7 34. Rxe4 Kf8 35. Be2 a6 36. Rd4 Ke7 37. Bf3 Ne5 38. Be4 Nc4 39. Bxc6 Bxb4 40. Rd7+ Kf6 41. Bd5 Ne5 42. Rb7 g5 43. fxg6 Nxg6 44. Rxf7+ Ke5 45. c6 Bd6 46. Bf3 Nf4+ 47. Kf1 Ne6 48. Rf5+ Kd4 49. Rd5+ 1-0

[Event "Lund CellaVision Cup"]
[Site "Lund"]
[Date "2017.08.05"]
[Round "6"]
[White "Vishnu, Prasanna V"]
[Black "Sagit, Rauan"]
[Result "1-0"]
[WhiteElo "2538"]
[BlackElo "2408"]
[PlyCount "69"]
[EventDate "2017.08.04"]
[EventType "swiss"]
[EventRounds "8"]
[EventCountry "SWE"]
[SourceTitle "CBM 180 Extra"]
[Source "ChessBase"]
[SourceDate "2017.10.06"]
[SourceVersion "1"]
[SourceVersionDate "2017.10.06"]
[SourceQuality "1"]

1. e4 c5 2. Nf3 d6 3. d4 cxd4 4. Nxd4 Nf6 5. Nc3 a6 6. Bd3 e6 7. 0-0 Be7 8. Kh1 Bd7 9. f4 Nc6 10. Nxc6 Bxc6 11. Qe2 Qc7 12. Bd2 h5 13. Nd1 d5 14. e5 Ne4 15. Be3 f5 16. exf6 gxf6 17. Nc3 f5 18. Bd4 Rh7 19. Qe3 b5 20. Rad1 Bb7 21. Ne2 Rc8 22. Be5 Qc5 23. Nd4 Kf7 24. Qh3 Rh6 25. Rf3 Rg8 26. Bxe4 dxe4 27. Rc3 Qd5 28. Rd2 Qxa2 29. Rd1 Qd5 30. Qe3 Bd8 31. Qe2 e3 32. Nf3 Qe4 33. Rxd8 Rxg2 34. Rc7+ Kg6 35. Rg7# 1-0

[Event "Lund CellaVision Cup"]
[Site "Lund"]
[Date "2017.08.04"]
[Round "3"]
[White "Sagit, Rauan"]
[Black "Saric, Ivan"]
[Result "0-1"]
[WhiteElo "2408"]
[BlackElo "2632"]
[PlyCount "108"]
[EventDate "2017.08.04"]
[EventType "swiss"]
[EventRounds "8"]
[EventCountry "SWE"]
[SourceTitle "CBM 180 Extra"]
[Source "ChessBase"]
[SourceDate "2017.10.06"]
[SourceVersion "1"]
[SourceVersionDate "2017.10.06"]
[SourceQuality "1"]

1. Nf3 g6 2. g3 Bg7 3. d4 c5 4. dxc5 Qa5+ 5. Bd2 Qxc5 6. Bc3 Nf6 7. Bg2 Ne4 8. Bd4 Bxd4 9. Qxd4 Qxd4 10. Nxd4 Nf6 11. Nc3 Nc6 12. Ndb5 Kd8 13. 0-0-0 d6 14. Nd5 Nxd5 15. Bxd5 Be6 16. Bxe6 fxe6 17. Nd4 Kd7 18. Nxc6 bxc6 19. f3 e5 20. Rd3 c5 21. Rhd1 Kc6 22. Re3 Rhf8 23. Re4 Rf7 24. f4 exf4 25. gxf4 a5 26. e3 Ra7 27. Rc4 Rf5 28. Rc3 Ra8 29. Rg1 d5 30. Rd3 c4 31. Rd4 e5 32. fxe5 Rxe5 33. Kd2 Rf8 34. Rg2 Rf3 35. Re2 Kc5 36. b3 h5 37. c3 g5 38. e4 cxb3 39. axb3 g4 40. Rxd5+ Rxd5+ 41. exd5 Kxd5 42. Rg2 Ke4 43. Re2+ Kf4 44. Kc2 h4 45. Re7 Rf2+ 46. Kd3 Rxh2 47. Rf7+ Kg3 48. c4 Rb2 49. Kc3 Rf2 50. Ra7 Rf3+ 51. Kb2 Rf5 52. Kc3 h3 53. Rh7 h2 54. Kd4 Kg2 0-1

[Event "SWE-ch"]
[Site "Stockholm"]
[Date "2017.07.13"]
[Round "7"]
[White "Tikkanen, Hans"]
[Black "Sagit, Rauan"]
[Result "1-0"]
[WhiteElo "2503"]
[BlackElo "2406"]
[PlyCount "187"]
[EventDate "2017.07.07"]
[EventType "tourn"]
[EventRounds "9"]
[EventCountry "SWE"]
[EventCategory "10"]
[SourceTitle "CBM 179 Extra"]
[Source "ChessBase"]
[SourceDate "2017.08.23"]
[SourceVersion "1"]
[SourceVersionDate "2017.08.23"]
[SourceQuality "1"]

1. d4 f5 2. Nf3 Nf6 3. Bf4 e6 4. e3 b6 5. Bd3 Bb7 6. h3 Be7 7. c3 0-0 8. Nbd2 Ne4 9. Rg1 Bd6 10. Ne5 Qh4 11. Qe2 Nxd2 12. Kxd2 Bxe5 13. dxe5 d6 14. exd6 cxd6 15. Bxd6 Rd8 16. Bg3 Qc4 17. b3 Qa6 18. f3 Be4 19. fxe4 fxe4 20. Rgd1 Rxd3+ 21. Ke1 Nd7 22. c4 Rf8 23. Bd6 Rf7 24. Rxd3 exd3 25. Qxd3 Qa5+ 26. b4 Qg5 27. Qe2 e5 28. Kd2 Nf6 29. Qf3 Rd7 30. Qa8+ Kf7 31. c5 bxc5 32. bxc5 e4 33. Rf1 Qxc5 34. Qf8+ Ke6 35. Qe7+ Rxe7 36. Bxc5 Rc7 37. Bd4 Rc4 38. a3 Ra4 39. Ra1 g6 40. Kc3 Nd5+ 41. Kb3 Ra5 42. a4 Ne7 43. Rc1 Ra6 44. Rc7 Nc6 45. Bc3 Ne7 46. Rc4 Rb6+ 47. Kc2 Nf5 48. Rxe4+ Kd5 49. Re8 Nd6 50. Re7 Ra6 51. a5 Nb5 52. Bd2 h5 53. Kd3 Rf6 54. e4+ Kc6 55. Ke3 Rd6 56. Rg7 Re6 57. Kf4 a6 58. e5 Kd5 59. Rd7+ Kc6 60. Rd3 Kc5 61. Ke4 Kc6 62. Be3 Re8 63. Bb6 Re6 64. Rf3 Nd6+ 65. Kf4 Nc4 66. Rc3 Kd5 67. Rd3+ Kc6 68. Bd4 Nxa5 69. Ke4 Nb7 70. Rc3+ Kd7 71. Kd5 Nd8 72. Rf3 Nc6 73. Rf7+ Ne7+ 74. Ke4 Kc6 75. Rf6 Rxf6 76. exf6 Nf5 77. f7 Nd6+ 78. Ke5 Nxf7+ 79. Kf6 Nd8 80. Kxg6 Ne6 81. Be3 a5 82. Kxh5 a4 83. Bc1 Nc5 84. Ba3 Nd3 85. Kg5 Ne1 86. g4 Kd5 87. Kf6 Nf3 88. g5 Nd2 89. g6 Ne4+ 90. Ke7 Ng3 91. g7 Nf5+ 92. Kf6 Nh6 93. Bc1 a3 94. Bxh6 1-0

[Event "SWE-ch"]
[Site "Stockholm"]
[Date "2017.07.08"]
[Round "2"]
[White "Sagit, Rauan"]
[Black "Westerberg, Jonathan"]
[Result "1/2-1/2"]
[WhiteElo "2406"]
[BlackElo "2469"]
[PlyCount "137"]
[EventDate "2017.07.07"]
[EventType "tourn"]
[EventRounds "9"]
[EventCountry "SWE"]
[EventCategory "10"]
[SourceTitle "CBM 179 Extra"]
[Source "ChessBase"]
[SourceDate "2017.08.23"]
[SourceVersion "1"]
[SourceVersionDate "2017.08.23"]
[SourceQuality "1"]

1. Nf3 d5 2. g3 Nf6 3. Bg2 e6 4. 0-0 Be7 5. d3 0-0 6. Nbd2 c5 7. e4 Nc6 8. e5 Nd7 9. Re1 b5 10. Nf1 a5 11. h4 b4 12. Bf4 a4 13. a3 bxa3 14. bxa3 Rb8 15. h5 Ba6 16. N1h2 Nd4 17. Nxd4 cxd4 18. Qg4 Kh8 19. h6 g6 20. Nf3 Bc5 21. Bg5 Qb6 22. Ra2 Kg8 23. Rea1 Rfc8 24. Bd2 Rc6 25. Bb4 Rbc8 26. Rb1 Qc7 27. Bxc5 Rxc5 28. Nxd4 Nxe5 29. Qh4 Nd7 30. Qe7 Qd8 31. Qd6 Nb8 32. Qe5 Qf8 33. Qe3 Qd6 34. Rab2 Nd7 35. Bh3 Re8 36. Rb4 Rc3 37. Nf5 Qc5 38. Qxc5 Nxc5 39. Nd6 Rf8 40. d4 Nd7 41. Rxa4 Rc6 42. Nb7 Rb8 43. Rab4 Ra8 44. Nc5 Nxc5 45. Rb8+ Rc8 46. Rxa8 Rxa8 47. dxc5 Kf8 48. f4 Ke7 49. Kf2 Bc8 50. Bf1 Rxa3 51. Rb8 Kd8 52. Bd3 Kc7 53. Rb4 Ra1 54. g4 f6 55. g5 fxg5 56. fxg5 e5 57. Bxg6 hxg6 58. Rh4 Bf5 59. h7 Ra8 60. h8Q Rxh8 61. Rxh8 Kc6 62. c3 Kxc5 63. Re8 Kd6 64. Ke3 Bb1 65. Rf8 Kc5 66. Rc8+ Kd6 67. Rb8 Bf5 68. Re8 Bb1 69. Rb8 1/2-1/2